| 000 | 01965nam a22004454a 4500 | ||
|---|---|---|---|
| 001 | ebr10178030 | ||
| 003 | CaPaEBR | ||
| 006 | m u | ||
| 007 | cr cn||||||||| | ||
| 008 | 060223s2007 inuab sb s001 0 eng | ||
| 010 | _z 2006006669 | ||
| 015 |
_aGBA678144 _2bnb |
||
| 016 | 7 |
_z013552111 _2Uk |
|
| 020 | _z0253347912 (cloth : alk. paper) | ||
| 020 | _z9780253347916 (cloth : alk. paper) | ||
| 020 | _z0253218632 (pbk. : alk. paper) | ||
| 020 | _z9780253218636 (pbk. : alk. paper) | ||
| 040 |
_aCaPaEBR _cCaPaEBR |
||
| 035 | _a(OCoLC)298788594 | ||
| 043 | _af-mr--- | ||
| 050 | 1 | 4 |
_aDS135.M85 _bM374 2007eb |
| 082 | 0 | 4 |
_a305.892/406464 _222 |
| 100 | 1 |
_aGottreich, Emily, _d1966- |
|
| 245 | 1 | 4 |
_aThe mellah of Marrakesh _h[electronic resource] : _bJewish and Muslim space in Morocco's red city / _cEmily Gottreich. |
| 260 |
_aBloomington : _bIndiana University Press, _cc2007. |
||
| 300 |
_axv, 201 p. : _bill., maps. |
||
| 490 | 1 | _aIndiana series in Middle East studies | |
| 504 | _aIncludes bibliographical references (p. 183-195) and index. | ||
| 505 | 0 | _aMellahization -- Counting Jews in Marrakesh -- Muslims and Jewish space -- Jews and Muslim space -- Hinterlands. | |
| 533 |
_aElectronic reproduction. _bPalo Alto, Calif. : _cebrary, _d2013. _nAvailable via World Wide Web. _nAccess may be limited to ebrary affiliated libraries. |
||
| 650 | 0 |
_aJews _zMorocco _zMarrakech _xHistory. |
|
| 650 | 0 |
_aJewish ghettos _zMorocco _zMarrakech _xHistory _y19th century. |
|
| 650 | 0 |
_aCity and town life _zMorocco _zMarrakech _xHistory _y19th century. |
|
| 651 | 0 |
_aMarrakech Region (Morocco) _xSocial conditions _y19th century. |
|
| 651 | 0 |
_aMarrakech (Morocco) _xEthnic relations. |
|
| 655 | 7 |
_aElectronic books. _2local |
|
| 710 | 2 | _aebrary, Inc. | |
| 830 | 0 | _aIndiana series in Middle East studies. | |
| 856 | 4 | 0 |
_uhttp://site.ebrary.com/lib/rucke/Doc?id=10178030 _zAn electronic book accessible through the World Wide Web; click to view |
| 999 |
_c236652 _d236652 |
||